Catálogo público

Gramíneas uruguayas / (Record no. 164685)

MARC details
000 -CABECERA
campo de control de longitud fija 00714nam a2200277Ia 4500
001 - NÚMERO DE CONTROL
campo de control Z_1598
003 - IDENTIFICADOR DEL NÚMERO DE CONTROL
campo de control CHAP
008 - DATOS DE LONGITUD FIJA--INFORMACIÓN GENERAL
campo de control de longitud fija 220113s1970 xx 000 0 und d
010 ## - NÚMERO DE CONTROL DE LA BIBLIOTECA DEL CONGRESO
Número de control de LC 164685
040 ## - FUENTE DE LA CATALOGACIÓN
Centro/agencia transcriptor CHAP
082 ## - NÚMERO DE LA CLASIFICACIÓN DECIMAL DEWEY
Número de clasificación 584.9 R6
100 ## - ENTRADA PRINCIPAL--NOMBRE DE PERSONA
Nombre de persona Rosengurtt, B
9 (RLIN) 100129
245 ## - MENCIÓN DE TÍTULO
Título Gramíneas uruguayas /
Mención de responsabilidad, etc. por B. Rosengurtt, B. R. Arrillaga de Maffei y P. Izaguirre de Artucio
260 ## - PUBLICACIÓN, DISTRIBUCIÓN, ETC.
Lugar de publicación, distribución, etc. Montevideo :
Nombre del editor, distribuidor, etc. Universidad de la República,
Fecha de publicación, distribución, etc. 1970
300 ## - DESCRIPCIÓN FÍSICA
Extensión 489 p. ; ilus
440 ## - MENCIÓN DE SERIE/PUNTO DE ACCESO ADICIONAL--TÍTULO
Título Colección ciencias ; 5
9 (RLIN) 138745
500 ## - NOTA GENERAL
Nota general Fotocopia
503 ## - NOTA DE HISTORIA BIBLIOGRÁFICA (BK CF MU) [OBSOLETO]
Nota de historia bibliográfica
650 ## - PUNTO DE ACCESO ADICIONAL DE MATERIA--TÉRMINO DE MATERIA
Término de materia o nombre geográfico como elemento de entrada Gramíneas
Subdivisión general Uruguay
9 (RLIN) 50294
901 ## - ELEMENTOS DE DATOS A LOCAL LDA (RLIN)
a 584.9 R6
902 ## - ELEMENTOS DE DATOS B LOCAL, LDB (RLIN)
a A
910 ## - DATOS DE OPCIÓN DEL USUARIO (OCLC)
Datos de opción del usuario 1970
942 ## - ELEMENTOS DE PUNTO DE ACCESO ADICIONAL (KOHA)
Tipo de ítem Koha Libro_
942 ## - ELEMENTOS DE PUNTO DE ACCESO ADICIONAL (KOHA)
Tipo de ítem Koha
Holdings
Estado de retiro Estado de pérdida Fuente del sistema de clasificación o colocación Estado dañado No para préstamo Código de colección Localización permanente Ubicación/localización actual Ubicación en estantería Fecha de adquisición Código de barras Fecha visto por última vez Número de copia Precio válido a partir de Tipo de ítem Koha
    Dewey Decimal Classification     General Zootecnia Zootecnia   09/11/2005 z_1508 18/01/2022 1 18/01/2022 Libro